000 00678nas a2200229 4500
001 BR8900147
003 BR-BrBNA
005 20231205091435.0
007 ta
008 230509b bl.|||p| |||| 00| 00por d
040 _aBR-BrBNA
_bpor
_cBiblioteca Nacional de Agricultura
041 _a(Pt)
072 _aL01
100 1 _aGrawunder, A.F.
245 1 _aPecuaria de corte sulbrasileira: uma luz no fim do tunel
650 _aGADO DE CORTE
650 _aPECUARIA DE CORTE
650 _aPESQUISA
773 0 _tLavoura Arrozeira (Brazil)
_xISSN 0023-9143
_g(May-Jun 1988), v. 41(379) p. 33-37
_wBR8900147
909 _a202311
_bLúcia
_c55
_dLúcia Elande
942 _2AGRIS
_n0
_cANA
999 _c125108
_d125108